Anh hùng tiêu sơn, phần 1:Thầy tăng mở nước

Na minha lista:
Detalhes bibliográficos
Formato: Livro
Publicado em: 2003
Tags: Adicionar Tag
Sem tags, seja o primeiro a adicionar uma tag!
Thư viện lưu trữ: Mạng thư viện Đại học Đà Nẵng
LEADER 00471nam a22001811a 4500
001 000040980
003 17275
005 20160412023718.0
008 160412s2003 000
082 |a V(23)419-21 
245 |a Anh hùng tiêu sơn, phần 1:Thầy tăng mở nước  |c Trần Đại Sỹ 
260 |c 2003 
OWN |a LNN 
999 |a From the UDN01 
TYP |a Monograph 
980 |a Mạng thư viện Đại học Đà Nẵng